| 000 | 00641aas a2200193 4500 | ||
|---|---|---|---|
| 999 |
_c63500 _d63500 |
||
| 001 | 768714001 | ||
| 003 | CO-MdFUSB | ||
| 005 | 20171025124727.0 | ||
| 008 | 171025s2010 ck ||||| |||| 00| 0 spa d | ||
| 022 | _a2145-8197 | ||
| 040 |
_aCO-MdFUSB _bspa _cCO-MdFUSB _dCO-MdFUSB |
||
| 041 | _aspa | ||
| 245 | 3 |
_aSe derrumba el comunismo _c/ El Tiempo |
|
| 300 |
_aNúmero 8 (2010), páginas 36-37 _c: 28 cm. |
||
| 520 | 1 | _aMijaíl Gorbachov llega al poder en al Unión Soviética y lidera el cambio. Tumban el muro de Berlín. | |
| 650 | 1 | 4 | _aHISTORIA |
| 773 | 0 |
_tdk100 _049432 _959931 _gNúmero 8 (2010), páginas 36-37 _qPágina 36 |
|
| 942 | _cANA | ||